Переписка с торгово-промышленными организациями об оказании помощи инвалидам войны, организации лазаретов и санитарных поездов

Доступно только в Электронных читальных залах Найти на картеНа карте
RUSMARC
00003653nmc2a22002413x 450
0017621d50b-96e1-4a7d-8970-e965b8f93bf5
00520210322150318.0
100##$a20200810l19141917k l0rusy0189 ca
1010#$arus
102##$aRU
105##$ay###
1222#$ad
2001#$aПереписка с торгово-промышленными организациями об оказании помощи инвалидам войны, организации лазаретов и санитарных поездов
$jсентябрь 1914 г. - 17 января 1917 г.
215##$a164 л.
$d36,5х26 см
251##$cДело
300##$aКанцелярия
371##$aДокумент не является опубликованным и широко распространяемым
461#0$1001462bc950-73da-43c4-909a-7b2c52d22778
$12001
$aСовет съездов представителей промышленности и торговли
$1251
$cФонд
$1852
$j32
462#0$10016d63d908-4edb-4782-94eb-bfaf477d4f70
$12001
$aОпись № 1
$1251
$cОпись
$1852
$j1
801#0$aRU
$bРГИА
$c20200810
$gRCR
801#1$aRU
$bГлавНИВЦ
$c20200810
$2rusmarc
801#2$aRU
$bПБ им. Б.Н. Ельцина
$c20210322
$gRCR
$2rusmarc
850##$aРГИА
852##$aРГИА
$eФедеральное казенное учреждение "Российский государственный исторический архив" (РГИА)
$j130
937##$hРГИА
$d12349922
$aASBIBLIO_SCAN
035##$aRusGRCC00011509
856##$uhttp://readingroom.main.prlib.ru/item.aspx?id_node=n159579453&mode=full
Формат отображения